Arihant stpe by step CAT (Common Admission Test) chaper-wise solved papers 1993-2006) (Record no. 5222)

MARC details
000 -LEADER
fixed length control field 00681 a2200193 4500
020 ## - INTERNATIONAL STANDARD BOOK NUMBER
International Standard Book Number 8183480009
Terms of availability 310.00
035 ## - SYSTEM CONTROL NUMBER
System control number B-211659
037 ## - SOURCE OF ACQUISITION
Source of stock number/acquisition RP-ZLS-2793 / PANSY-07-08:10 / RP-07-08:ENG
082 14 - DEWEY DECIMAL CLASSIFICATION NUMBER
Classification number 000
090 ## - LOCALLY ASSIGNED LC-TYPE CALL NUMBER (OCLC); LOCAL CALL NUMBER (OCLC)
-- 5326
-- 5326
100 1# - MAIN ENTRY--PERSONAL NAME
Personal name Sijwali, B.S.
245 1# - TITLE STATEMENT
Title Arihant stpe by step CAT (Common Admission Test) chaper-wise solved papers 1993-2006)
Statement of responsibility, etc by B.S. Sijwali and Indu Sijwali
260 ## - PUBLICATION, DISTRIBUTION, ETC. (IMPRINT)
Place of publication, distribution, etc Meerut
Name of publisher, distributor, etc Arihant Publications
270 ## - ADDRESS
Address Kalindi, Transport Nagar
City Meerut
300 ## - PHYSICAL DESCRIPTION
Extent 439 p
Dimensions 28 cm (pbk)
700 ## - ADDED ENTRY--PERSONAL NAME
Personal name Sijwali, Indu
942 ## - ADDED ENTRY ELEMENTS (KOHA)
Institution code [OBSOLETE] dpl
Koha item type English Books
Call number prefix 000 / SIJ
Holdings
Withdrawn status Lost status Source of classification or shelving scheme Damaged status Not for loan Collection code Home library Current library Cost, normal purchase price Total Checkouts Full call number Barcode Date last seen Uniform Resource Identifier Cost, replacement price Price effective from Koha item type
    Dewey Decimal Classification     Non-fiction Sarojini Nagar Sarojini Nagar 310.00   000 SIJ B-211659 15/09/2008 5550 310.00 15/09/2008 English Books

© Delhi Public Library
Hit Counter
free hit counter